<?xml version="1.0" encoding="UTF-8"?>
<marc:record xmlns:marc="http://www.loc.gov/MARC21/slim">
   <marc:leader>00000nam a2200000 a 4500</marc:leader>
   <marc:datafield ind1="0" ind2="0" tag="245">
      <marc:subfield code="a">Nachts, wenn alles schläft!</marc:subfield>
   </marc:datafield>
   <marc:datafield ind1="0" ind2="0" tag="245">
      <marc:subfield code="b">Geschichten und Lieder mit dem Sandmännchen</marc:subfield>
   </marc:datafield>
   <marc:datafield ind1=" " ind2="1" tag="264">
      <marc:subfield code="a">Wien</marc:subfield>
      <marc:subfield code="b">Sony Music Entertainment</marc:subfield>
      <marc:subfield code="c">2018</marc:subfield>
   </marc:datafield>
   <marc:datafield ind1="1" ind2=" " tag="490">
      <marc:subfield code="a">Sandmännchen</marc:subfield>
      <marc:subfield code="v">-</marc:subfield>
   </marc:datafield>
   <marc:datafield ind1="1" ind2=" " tag="520">
      <marc:subfield code="a">Nachts, wenn alles schläft!&#xD;
&#xD;
Fünf traumhafte Einschlafgeschichten und fünf ruhige Lieder für eine gute Zeit.&#xD;
&#xD;
Wenn es Zeit wird, ins Bett zu gehen, freuen sich die Kinder auf etwas Traumsand vom Sandmännchen - und auf seine Geschichten, die es jeden Abend mitbringt.&#xD;
In diesen liebevoll interpretierten Erzählungen und Liedern erfahren die Kinder vorm Einschlafen, was eigentlich passiert, wenn Tiere, Menschen und Spielsachen am Abend zur Ruhe kommen. Und ob nachts tatsächlich alle schlafen.&#xD;
&#xD;
Aber was passiert, wenn man mal nicht einschlafen kann? Wichtige Fragen für die Kleinen werden hier einfühlsam geklärt. Danach können alle beruhigt einschlafen.</marc:subfield>
   </marc:datafield>
   <marc:datafield ind1="3" ind2=" " tag="024">
      <marc:subfield code="a">4251192101716</marc:subfield>
   </marc:datafield>
   <marc:datafield ind1=" " ind2=" " tag="041">
      <marc:subfield code="a">ger</marc:subfield>
   </marc:datafield>
   <marc:datafield ind1="1" ind2=" " tag="521">
      <marc:subfield code="a">ab 3 Jahren</marc:subfield>
   </marc:datafield>
   <marc:datafield ind1=" " ind2=" " tag="338">
      <marc:subfield code="a">Gegenstand</marc:subfield>
   </marc:datafield>
   <marc:datafield ind1=" " ind2=" " tag="300">
      <marc:subfield code="a">57 Minuten</marc:subfield>
   </marc:datafield>
</marc:record>
